[Event "BEL-chT 2223"]
[Site "Belgium"]
[Date "2022.11.06"]
[Round "3.3"]
[White "Bouhallel, Rabah"]
[Black "Larkin, Vladislav"]
[Result "0-1"]
[WhiteElo "2292"]
[BlackElo "2421"]
[PlyCount "52"]
[EventDate "2022.09.25"]
[EventType "team-tourn"]
[EventRounds "11"]
[EventCountry "BEL"]
[SourceTitle "CBM 213 Extra"]
[Source "ChessBase"]
[SourceDate "2023.05.31"]
[SourceVersion "1"]
[SourceVersionDate "2023.05.31"]
[SourceQuality "1"]
[WhiteTeam "Oostende"]
[BlackTeam "Wachtebeke"]
[WhiteTeamCountry "BEL"]
[BlackTeamCountry "BEL"]

1. d4 d6 2. Nf3 Bg4 3. Nbd2 Nf6 4. c3 c6 5. g3 Nbd7 6. Bg2 e5 7. dxe5 dxe5 8. h3 Bh5 9. Nh4 Qc7 10. 0-0 a5 11. a4 Rd8 12. Nc4 Nc5 13. Qc2 Ne6 14. Be3 Nd5 15. Bc1 Bc5 16. g4 Bg6 17. Nxg6 hxg6 18. Qe4 Ndf4 19. Nxe5 Nxh3+ 20. Bxh3 Rxh3 21. Kg2 Rh8 22. f4 Qe7 23. Nf3 Nxf4+ 24. Qxf4 Qxe2+ 25. Kg3 Qxf1 26. Qe5+ Kd7 0-1

[Event "FRA-chT1A 0607"]
[Site "France"]
[Date "2007.03.10"]
[Round "10.3"]
[White "Bouhallel, Rabah"]
[Black "Stets, Dmitry"]
[Result "1-0"]
[WhiteElo "2330"]
[BlackElo "2380"]
[PlyCount "109"]
[EventDate "2006.10.15"]
[EventType "team-tourn"]
[EventRounds "11"]
[EventCountry "FRA"]
[SourceTitle "EXT 2008"]
[Source "ChessBase"]
[SourceDate "2007.11.25"]
[SourceVersion "1"]
[SourceVersionDate "2007.11.25"]
[SourceQuality "1"]
[WhiteTeam "Lille"]
[BlackTeam "Niort"]
[WhiteTeamCountry "FRA"]
[BlackTeamCountry "FRA"]

1. e4 c5 2. Nf3 d6 3. Bb5+ Nd7 4. 0-0 a6 5. Bd3 Ngf6 6. c3 b5 7. Bc2 Bb7 8. Re1 c4 9. b3 e6 10. bxc4 bxc4 11. Na3 Qc7 12. Rb1 Nb6 13. Qe2 Nfd7 14. Nxc4 Nxc4 15. Rxb7 Qxb7 16. Qxc4 Be7 17. e5 dxe5 18. Be4 Rc8 19. Bxb7 Rxc4 20. Bxa6 Rc7 21. Bb5 f6 22. d4 Kf7 23. dxe5 Nxe5 24. Nxe5+ fxe5 25. c4 Rd8 26. Be3 Rd3 27. a4 Ra3 28. Bb6 Rc8 29. g3 Bd8 30. Be3 Ba5 31. Rc1 Bc3 32. Rd1 Ra1 33. Rxa1 Bxa1 34. a5 Bd4 35. Kf1 Ke7 36. Ke2 Kd6 37. a6 Rc7 38. Bd2 Kc5 39. f3 Rf7 40. Ba5 e4 41. fxe4 Rf2+ 42. Kd3 Rf3+ 43. Ke2 Ra3 44. Bc7 h5 45. e5 Ra2+ 46. Kd3 Bg1 47. Kc3 g5 48. Kb3 Ra1 49. h3 g4 50. hxg4 hxg4 51. Ba4 Bd4 52. a7 Rb1+ 53. Kc2 Rb2+ 54. Kd3 Ra2 55. a8Q 1-0

[Event "Nancy-B"]
[Site "Nancy"]
[Date "2007.02.24"]
[Round "8"]
[White "Gladyszev, Oleg"]
[Black "Bouhallel, Rabah"]
[Result "1-0"]
[WhiteElo "2455"]
[BlackElo "2329"]
[PlyCount "73"]
[EventDate "2007.02.19"]
[EventType "tourn"]
[EventRounds "9"]
[EventCountry "FRA"]
[EventCategory "3"]
[SourceTitle "CBM 116 Extra"]
[Source "ChessBase"]
[SourceDate "2007.03.07"]
[SourceVersion "1"]
[SourceVersionDate "2007.03.07"]
[SourceQuality "1"]

1. d4 e6 2. c4 c5 3. d5 exd5 4. cxd5 d6 5. e4 Be7 6. Nc3 a6 7. f4 Bf6 8. Nf3 Bg4 9. Be2 Bxf3 10. Bxf3 Ne7 11. 0-0 Bd4+ 12. Kh1 0-0 13. Ne2 Bf6 14. Bd2 Nd7 15. Qc2 Ng6 16. Ng3 Nh4 17. Bg4 Ng6 18. a4 Re8 19. a5 Ngf8 20. Nf5 Qb8 21. Rab1 g6 22. Ne3 Bd4 23. Nc4 Nf6 24. Bf3 N8d7 25. Qd3 b5 26. axb6 Nxb6 27. Na5 Nbd7 28. Rfe1 Qb5 29. Qc2 Rac8 30. Nc4 Qb8 31. Ra1 Nb6 32. Na5 Nbd7 33. Nc6 Qxb2 34. Nxd4 Qxd4 35. Bc3 Qc4 36. Ra4 Qb5 37. Rb1 1-0

[Event "Nancy-B"]
[Site "Nancy"]
[Date "2007.02.23"]
[Round "7"]
[White "Bouhallel, Rabah"]
[Black "Spielmann, Alain"]
[Result "1-0"]
[WhiteElo "2329"]
[BlackElo "2228"]
[PlyCount "69"]
[EventDate "2007.02.19"]
[EventType "tourn"]
[EventRounds "9"]
[EventCountry "FRA"]
[EventCategory "3"]
[SourceTitle "CBM 116 Extra"]
[Source "ChessBase"]
[SourceDate "2007.03.07"]
[SourceVersion "1"]
[SourceVersionDate "2007.03.07"]
[SourceQuality "1"]

1. d4 e6 2. Nf3 f5 3. g3 Nf6 4. Bg2 d5 5. 0-0 Bd6 6. c4 c6 7. Nc3 0-0 8. Qc2 Ne4 9. Rb1 Qe7 10. b4 Bd7 11. a4 Be8 12. b5 Nd7 13. bxc6 bxc6 14. Rb7 Qf6 15. c5 Bb8 16. Bb2 g5 17. Qb3 g4 18. Nxe4 fxe4 19. Nd2 Qg5 20. Nxe4 Qd8 21. Nc3 Bg6 22. e4 Nf6 23. Bc1 Bc7 24. Bg5 Qc8 25. Bxf6 Rxf6 26. exd5 exd5 27. Bxd5+ Kh8 28. Bg2 Ba5 29. d5 Qf8 30. Ne4 Rf7 31. dxc6 Re8 32. Nd6 Rxb7 33. cxb7 Rb8 34. Qc4 Bc7 35. Qxg4 1-0

[Event "Nancy-B"]
[Site "Nancy"]
[Date "2007.02.20"]
[Round "3"]
[White "Bouhallel, Rabah"]
[Black "Stark, Lars"]
[Result "1-0"]
[WhiteElo "2329"]
[BlackElo "2424"]
[PlyCount "119"]
[EventDate "2007.02.19"]
[EventType "tourn"]
[EventRounds "9"]
[EventCountry "FRA"]
[EventCategory "3"]
[SourceTitle "CBM 116 Extra"]
[Source "ChessBase"]
[SourceDate "2007.03.07"]
[SourceVersion "1"]
[SourceVersionDate "2007.03.07"]
[SourceQuality "1"]

1. e4 e6 2. d4 d5 3. Nc3 Nf6 4. e5 Nfd7 5. f4 c5 6. Nf3 a6 7. Be3 Qb6 8. Na4 Qa5+ 9. c3 cxd4 10. b4 Qc7 11. Qxd4 a5 12. b5 b6 13. Be2 Nc5 14. Rc1 Bb7 15. Nb2 Nbd7 16. c4 Be7 17. 0-0 0-0 18. f5 Rad8 19. Qf4 exf5 20. Qxf5 d4 21. Bxd4 Ne6 22. Be3 Bc5 23. Bxc5 Qxc5+ 24. Kh1 Bxf3 25. Bxf3 Qxe5 26. Qxe5 Nxe5 27. Bd5 Nc5 28. Rf5 Ng4 29. Re1 Nf6 30. Kg1 Rfe8 31. Rd1 Rd7 32. Bf3 Rxd1+ 33. Nxd1 Kf8 34. h3 Re1+ 35. Kh2 Ke7 36. Nc3 Ke6 37. g4 g6 38. Bd5+ Ke7 39. Rf3 h6 40. Bc6 Rc1 41. Kg2 Rc2+ 42. Kf1 Rd2 43. Re3+ Kf8 44. Nd5 Ncd7 45. a3 Rd4 46. Nxf6 Nxf6 47. c5 Nd7 48. Bxd7 Rxd7 49. c6 Rd4 50. Ke2 Rc4 51. Kd3 Rc5 52. a4 f5 53. gxf5 Rxf5 54. Re6 Rc5 55. Rxg6 h5 56. Re6 Kf7 57. Re3 Rd5+ 58. Kc4 Rf5 59. Kd4 Rf4+ 60. Kd5 1-0

[Event "Bethune op 27th"]
[Site "Bethune"]
[Date "2006.12.29"]
[Round "7"]
[White "Bouhallel, Rabah"]
[Black "Stawiarski, Edmond"]
[Result "1-0"]
[WhiteElo "2330"]
[BlackElo "2120"]
[PlyCount "65"]
[EventDate "2006.12.26"]
[EventType "swiss"]
[EventRounds "9"]
[EventCountry "FRA"]
[SourceTitle "CBM 116 Extra"]
[Source "ChessBase"]
[SourceDate "2007.03.07"]
[SourceVersion "1"]
[SourceVersionDate "2007.03.07"]
[SourceQuality "1"]

1. d3 b6 2. Nd2 Bb7 3. Ngf3 Nf6 4. e4 d6 5. g3 g6 6. Bg2 Bg7 7. 0-0 0-0 8. Re1 e5 9. c3 Re8 10. b4 a5 11. Bb2 Nbd7 12. Qc2 Qe7 13. a3 Qf8 14. Rad1 a4 15. c4 Ng4 16. h3 Nh6 17. d4 f5 18. exf5 Nxf5 19. Nxe5 Bxg2 20. Nxd7 Qf7 21. Kxg2 Qxd7 22. Nf3 Rxe1 23. Rxe1 Re8 24. Re4 b5 25. cxb5 Qxb5 26. Rxe8+ Qxe8 27. Qxc7 Qe4 28. b5 h6 29. b6 Qe2 30. Qc3 Qe4 31. Qc8+ Kh7 32. b7 Qe2 33. Bc1 1-0

[Event "Bethune op 27th"]
[Site "Bethune"]
[Date "2006.12.29"]
[Round "6"]
[White "Savchenko, Stanislav"]
[Black "Bouhallel, Rabah"]
[Result "1-0"]
[WhiteElo "2532"]
[BlackElo "2330"]
[PlyCount "93"]
[EventDate "2006.12.26"]
[EventType "swiss"]
[EventRounds "9"]
[EventCountry "FRA"]
[SourceTitle "CBM 116 Extra"]
[Source "ChessBase"]
[SourceDate "2007.03.07"]
[SourceVersion "1"]
[SourceVersionDate "2007.03.07"]
[SourceQuality "1"]

1. Nf3 Nf6 2. c4 e6 3. Nc3 Bb4 4. Qc2 c5 5. a3 Ba5 6. g3 0-0 7. Bg2 Nc6 8. 0-0 Qe7 9. e3 Bxc3 10. Qxc3 a5 11. b3 d6 12. d4 Bd7 13. Bb2 b6 14. Rad1 Rfc8 15. d5 exd5 16. cxd5 Na7 17. e4 Nb5 18. Qc1 Nxe4 19. Rfe1 f5 20. Nd2 Qf7 21. Nxe4 fxe4 22. Bxe4 Re8 23. Qc2 Qh5 24. f3 a4 25. g4 Qh4 26. bxa4 Nd4 27. Qf2 Qxf2+ 28. Kxf2 Rxa4 29. Re3 Rf8 30. h3 Rfa8 31. Rde1 b5 32. Bd3 Rf8 33. Kg2 Rf7 34. Bb1 g6 35. Be4 Kf8 36. Kg3 b4 37. Ra1 Bb5 38. axb4 Rxb4 39. Ra8+ Kg7 40. Bc3 Rc4 41. Kg2 Kh6 42. Bd2 Kg7 43. Rea3 Ne2 44. R8a7 Bd7 45. Rb7 Ra4 46. Rxa4 Bxa4 47. Bh6+ 1-0

[Event "Bethune op 27th"]
[Site "Bethune"]
[Date "2006.12.28"]
[Round "5"]
[White "Bouhallel, Rabah"]
[Black "Lewis, John"]
[Result "1-0"]
[WhiteElo "2330"]
[BlackElo "2111"]
[PlyCount "69"]
[EventDate "2006.12.26"]
[EventType "swiss"]
[EventRounds "9"]
[EventCountry "FRA"]
[SourceTitle "CBM 116 Extra"]
[Source "ChessBase"]
[SourceDate "2007.03.07"]
[SourceVersion "1"]
[SourceVersionDate "2007.03.07"]
[SourceQuality "1"]

1. e4 e5 2. Nf3 Nf6 3. d3 Nc6 4. c3 d5 5. Nbd2 a5 6. Be2 Bc5 7. 0-0 0-0 8. Qc2 b6 9. Nb3 Be7 10. Bg5 Bb7 11. Nbd2 Nd7 12. Be3 Nf6 13. h3 h6 14. Rfe1 Bd6 15. Nf1 Ne7 16. Ng3 Ng6 17. Rad1 Qb8 18. Bc1 Bc6 19. exd5 Bxd5 20. Nd2 Qb7 21. Bf1 a4 22. b4 axb3 23. axb3 Ba3 24. Bxa3 Rxa3 25. c4 Bc6 26. d4 exd4 27. Nf5 Nf4 28. f3 Ne6 29. Nxh6+ gxh6 30. Rxe6 fxe6 31. Qg6+ Kh8 32. Qxh6+ Nh7 33. Bd3 Rf7 34. Bxh7 Bd7 35. Be4+ 1-0

[Event "FRA-chT1A 0607"]
[Site "France"]
[Date "2006.11.25"]
[Round "2.4"]
[White "Bouhallel, Rabah"]
[Black "Roumegous, Etienne"]
[Result "1-0"]
[WhiteElo "2330"]
[BlackElo "2130"]
[PlyCount "107"]
[EventDate "2006.10.15"]
[EventType "team-tourn"]
[EventRounds "11"]
[EventCountry "FRA"]
[SourceTitle "EXT 2008"]
[Source "ChessBase"]
[SourceDate "2007.11.25"]
[SourceVersion "1"]
[SourceVersionDate "2007.11.25"]
[SourceQuality "1"]
[WhiteTeam "Lille"]
[BlackTeam "Evry Grand Roque II"]
[WhiteTeamCountry "FRA"]
[BlackTeamCountry "FRA"]

1. d3 d5 2. Nd2 e5 3. Ngf3 f6 4. e4 Be6 5. Be2 Nc6 6. 0-0 Nge7 7. c3 Qd7 8. Re1 0-0-0 9. Qc2 g5 10. Nf1 h5 11. b4 h4 12. Qa4 g4 13. N3d2 Ng6 14. b5 Nb8 15. exd5 Qxd5 16. Bxg4 f5 17. Bf3 Qxd3 18. Re3 Qd6 19. Qxa7 e4 20. Nxe4 fxe4 21. Bxe4 Ne5 22. Qxb7+ Kd7 23. a4 Bc4 24. Ba3 Qf6 25. Rd1+ Ke6 26. Rde1 Bxa3 27. Qxc7 Bd6 28. Qa7 Nbd7 29. Nd2 Bc5 30. Qa6+ Kf7 31. Nxc4 Qxa6 32. bxa6 Bxe3 33. Nxe3 Nc5 34. Bd5+ Kf6 35. a7 Na6 36. Rb1 Nd7 37. f4 Nc7 38. Bc6 Nc5 39. Rb6 Kg7 40. Nf5+ Kf7 41. Nd4 Na8 42. Rb5 Na6 43. a5 N8c7 44. Rb6 Nc5 45. Bf3 N7e6 46. Nc6 Rde8 47. g3 Nxf4 48. gxf4 Re1+ 49. Kg2 h3+ 50. Kg3 Rg8+ 51. Kh4 Ne6 52. Ne5+ Ke7 53. Rb7+ Kd6 54. Rd7+ 1-0

[Event "FRA-chT1A 0607"]
[Site "France"]
[Date "2006.10.15"]
[Round "1.3"]
[White "Bouhallel, Rabah"]
[Black "Jossien, Remy"]
[Result "0-1"]
[WhiteElo "2330"]
[BlackElo "2276"]
[PlyCount "58"]
[EventDate "2006.10.15"]
[EventType "team-tourn"]
[EventRounds "11"]
[EventCountry "FRA"]
[SourceTitle "EXT 2008"]
[Source "ChessBase"]
[SourceDate "2007.11.25"]
[SourceVersion "1"]
[SourceVersionDate "2007.11.25"]
[SourceQuality "1"]
[WhiteTeam "Lille"]
[BlackTeam "Cappelle la Grande"]
[WhiteTeamCountry "FRA"]
[BlackTeamCountry "FRA"]

1. d3 e5 2. Nd2 g6 3. Ngf3 Bg7 4. e4 Ne7 5. g3 Nbc6 6. Bg2 h6 7. 0-0 d6 8. c3 Be6 9. Re1 Qd7 10. Nf1 Bh3 11. Bh1 g5 12. Ne3 0-0 13. d4 f5 14. exf5 exd4 15. Nxd4 Nxd4 16. cxd4 Nxf5 17. Nxf5 Qxf5 18. Be3 c6 19. Qd2 Rae8 20. f3 Qd5 21. Bf2 Rxe1+ 22. Rxe1 Qxa2 23. Qb4 Qd5 24. Re7 a5 25. Qd2 b5 26. Re1 Kh8 27. f4 Qc4 28. fxg5 Rxf2 29. Kxf2 Bxd4+ 0-1

[Event "FRA-chT2D 0506"]
[Site "France"]
[Date "2006.01.14"]
[Round "5.3"]
[White "Bouhallel, Rabah"]
[Black "Toumaniantz, Rouslan"]
[Result "1-0"]
[WhiteElo "2308"]
[BlackElo "2188"]
[PlyCount "79"]
[EventDate "2005.10.27"]
[EventType "team-tourn"]
[EventRounds "11"]
[EventCountry "FRA"]
[SourceTitle "EXT 2006"]
[Source "ChessBase"]
[SourceDate "2005.11.24"]
[SourceVersion "1"]
[SourceVersionDate "2005.11.24"]
[SourceQuality "1"]
[WhiteTeam "Lille"]
[BlackTeam "Metz Fischer"]
[WhiteTeamCountry "FRA"]
[BlackTeamCountry "FRA"]

1. d3 d5 2. Nd2 c6 3. e4 g6 4. Ngf3 Bg7 5. g3 Bg4 6. h3 Bxf3 7. Qxf3 e6 8. Bg2 Nd7 9. 0-0 Ne7 10. Qe2 Qb6 11. Nf3 a5 12. Re1 dxe4 13. dxe4 Ne5 14. Nxe5 Bxe5 15. a4 0-0 16. Ra3 Qc7 17. Rb3 b6 18. Be3 Rab8 19. h4 c5 20. c3 Bg7 21. Ra3 e5 22. h5 f5 23. hxg6 f4 24. gxh7+ Kh8 25. Bc1 c4 26. b3 cxb3 27. Rxb3 Qc6 28. Ba3 Qxa4 29. Reb1 Bf6 30. gxf4 exf4 31. Bd6 f3 32. Qxf3 Bd4 33. cxd4 Rxf3 34. Rxf3 Qa2 35. Rb5 Re8 36. Be5+ Kxh7 37. Rxb6 Rc8 38. Rh3+ Kg8 39. Rb7 Rc1+ 40. Kh2 1-0

[Event "Bethune op 26th"]
[Site "Bethune"]
[Date "2005.12.29"]
[Round "7"]
[White "Draoui, Najib"]
[Black "Bouhallel, Rabah"]
[Result "1-0"]
[WhiteElo "2368"]
[BlackElo "2314"]
[PlyCount "52"]
[EventDate "2005.12.26"]
[EventType "swiss"]
[EventRounds "9"]
[EventCountry "FRA"]
[SourceTitle "CBM 110 Extra"]
[Source "ChessBase"]
[SourceDate "2006.03.10"]
[SourceVersion "2"]
[SourceVersionDate "2006.03.10"]
[SourceQuality "1"]

1. e4 c5 2. Nf3 e6 3. d4 cxd4 4. Nxd4 a6 5. Nc3 Qc7 6. Bd3 Nf6 7. Qe2 d6 8. 0-0 Be7 9. f4 Nbd7 10. Kh1 0-0 11. Bd2 g6 12. Rae1 Nc5 13. f5 Bd7 14. Bh6 Rfe8 15. Qf3 Kh8 16. Bg5 Rf8 17. Qh3 Qd8 18. Qh4 e5 19. Nb3 Nxd3 20. cxd3 gxf5 21. exf5 Bc6 22. Ne4 Bxe4 23. dxe4 Rg8 24. Rf3 Rxg5 25. Qxg5 Nxe4 26. Qh5 d5 1-0

[Event "Bethune op 26th"]
[Site "Bethune"]
[Date "2005.12.27"]
[Round "2"]
[White "Bouhallel, Rabah"]
[Black "Shchekachev, Andrei"]
[Result "0-1"]
[WhiteElo "2314"]
[BlackElo "2564"]
[PlyCount "58"]
[EventDate "2005.12.26"]
[EventType "swiss"]
[EventRounds "9"]
[EventCountry "FRA"]
[SourceTitle "CBM 110 Extra"]
[Source "ChessBase"]
[SourceDate "2006.03.10"]
[SourceVersion "2"]
[SourceVersionDate "2006.03.10"]
[SourceQuality "1"]

1. d4 Nf6 2. Nf3 g6 3. c3 Bg7 4. Bf4 0-0 5. e3 d6 6. h3 b6 7. a4 c5 8. Nbd2 cxd4 9. exd4 Qd7 10. Be2 Ba6 11. 0-0 Bxe2 12. Qxe2 Nc6 13. Rfe1 Rfe8 14. Bh2 Rac8 15. Qb5 Qb7 16. a5 Nb8 17. Nc4 Qd7 18. Qb3 b5 19. Na3 a6 20. c4 bxc4 21. Nxc4 Nc6 22. Nb6 Qb7 23. Qa4 Rb8 24. b4 Na7 25. Rac1 Nb5 26. Qc2 Bh6 27. Ra1 Nd5 28. Nxd5 Qxd5 29. Rad1 Rbc8 0-1

[Event "Avoine op 20th"]
[Site "Avoine"]
[Date "2005.07.29"]
[Round "7"]
[White "Bouhallel, Rabah"]
[Black "Gharamian, Tigran"]
[Result "1/2-1/2"]
[WhiteElo "2300"]
[BlackElo "2412"]
[PlyCount "27"]
[EventDate "2005.07.23"]
[EventType "swiss"]
[EventRounds "9"]
[EventCountry "FRA"]
[SourceTitle "EXT 2007"]
[Source "ChessBase"]
[SourceDate "2006.11.23"]
[SourceVersion "1"]
[SourceVersionDate "2006.11.23"]
[SourceQuality "1"]

1. e4 c5 2. Nf3 d6 3. Bb5+ Nc6 4. 0-0 Bg4 5. h3 Bh5 6. Re1 e5 7. c3 a6 8. Bxc6+ bxc6 9. d3 Bxf3 10. Qxf3 g6 11. Na3 Bg7 12. b4 cxb4 13. cxb4 Ne7 14. Nc4 1/2-1/2

[Event "FRA-chT N1"]
[Site "France"]
[Date "2005.05.07"]
[Round "10.5"]
[White "Heinis, Vincent"]
[Black "Bouhallel, Rabah"]
[Result "1-0"]
[WhiteElo "2174"]
[BlackElo "2320"]
[PlyCount "59"]
[EventDate "2005.05.05"]
[EventType "team"]
[EventRounds "11"]
[EventCountry "FRA"]
[SourceTitle "EXT 2006"]
[Source "ChessBase"]
[SourceDate "2005.11.24"]
[SourceVersion "1"]
[SourceVersionDate "2005.11.24"]
[SourceQuality "1"]

1. d4 c5 2. d5 e5 3. c4 d6 4. e4 Ne7 5. Nc3 Ng6 6. g3 Be7 7. h4 h6 8. Be3 a6 9. Bh3 Bxh3 10. Nxh3 Nd7 11. f3 Ngf8 12. Nf2 Nh7 13. Qd2 Rb8 14. a4 Nb6 15. b3 0-0 16. g4 Na8 17. Ke2 Nc7 18. Rag1 f6 19. Bxh6 gxh6 20. Qxh6 Rf7 21. g5 Rg7 22. g6 Nf8 23. h5 b5 24. Nfd1 bxc4 25. bxc4 Nfe6 26. dxe6 Nxe6 27. Nd5 Nd4+ 28. Kd3 Qa5 29. N1c3 Rb3 30. Qxg7+ 1-0

[Event "Bethune op"]
[Site "Bethune"]
[Date "2004.07.09"]
[Round "8"]
[White "Bouhallel, Rabah"]
[Black "Jouglet, Fabian"]
[Result "1-0"]
[WhiteElo "2339"]
[BlackElo "1980"]
[PlyCount "63"]
[EventDate "2004.07.03"]
[EventType "swiss"]
[EventRounds "9"]
[EventCountry "FRA"]
[SourceTitle "EXT 2005"]
[Source "ChessBase"]
[SourceDate "2004.11.15"]
[SourceVersion "1"]
[SourceVersionDate "2004.11.15"]
[SourceQuality "1"]

1. e4 e5 2. Nf3 Nf6 3. d3 Nc6 4. c3 d5 5. Nbd2 Bd6 6. Be2 0-0 7. 0-0 h6 8. Re1 dxe4 9. dxe4 Be6 10. Qc2 a6 11. b4 Ne7 12. Nc4 Bxc4 13. Bxc4 Ng6 14. h3 Nh5 15. g3 Kh8 16. Qe2 Qd7 17. Kh2 Rae8 18. Ng1 Nf6 19. Qc2 Ne7 20. Qb3 Nh7 21. Bxf7 Rxf7 22. Qxf7 Rf8 23. Qc4 Rxf2+ 24. Kh1 b5 25. Qd3 Nf5 26. Re2 Bc5 27. Rd2 Be3 28. Qxe3 Nxe3 29. Rxd7 Nf1 30. Rd8+ Nf8 31. Rxf8+ Rxf8 32. Kg2 1-0

[Event "Bethune op"]
[Site "Bethune"]
[Date "2004.07.08"]
[Round "6"]
[White "Roger, Mehdi"]
[Black "Bouhallel, Rabah"]
[Result "1-0"]
[WhiteElo "2181"]
[BlackElo "2339"]
[PlyCount "69"]
[EventDate "2004.07.03"]
[EventType "swiss"]
[EventRounds "9"]
[EventCountry "FRA"]
[SourceTitle "EXT 2005"]
[Source "ChessBase"]
[SourceDate "2004.11.15"]
[SourceVersion "1"]
[SourceVersionDate "2004.11.15"]
[SourceQuality "1"]

1. e4 e6 2. d4 d5 3. exd5 exd5 4. Bd3 Nc6 5. c3 Bd6 6. Nf3 Bg4 7. 0-0 Qd7 8. b4 Nge7 9. b5 Na5 10. Nbd2 0-0 11. c4 dxc4 12. Nxc4 Nxc4 13. Bxc4 Ng6 14. Qb3 Qf5 15. Bd5 Ne7 16. Bc4 Rad8 17. Ne5 Bxe5 18. dxe5 Qg6 19. h3 Bf5 20. Re1 Bc2 21. Qf3 Rd4 22. Bf1 Be4 23. Qe3 Nf5 24. Qg5 Qxg5 25. Bxg5 h6 26. Bc1 Rfd8 27. Bb2 Rb4 28. Bc3 Ra4 29. a3 c5 30. bxc6 Bxc6 31. e6 Re8 32. exf7+ Kxf7 33. Bb4 b5 34. Rec1 Bd7 35. Rc7 1-0